00474 2200193 4500001002100000005001500021035002000036008004100056245005400097100002000151250000600171260003100177300001200208084001400220082000800234650001400242990001200256990001200268INLIS00000000000008120240502103347 a0010-0424000057240502 0 ind 1 aBuku Guru PPKN XII Edisi Revisi /cYusnawan Lubis aLubis, Yusnawan a1 aJakarta :bGramedia,c2018 a190 hlm a370 YUS p a370 4aNon Fiksi a0736180 a0736181